| 000 | 01375nam a2200385 a 4500 | ||
|---|---|---|---|
| 999 |
_c64319 _d64319 |
||
| 001 | 768714001 | ||
| 003 | CO-MdFUSB | ||
| 005 | 20180626131112.0 | ||
| 008 | 120103s2013 ck a gr 00110dspa d | ||
| 020 | _a9789589076866 | ||
| 040 |
_aCO-BoBLA _bspa _cCO-MdFUSB _dCO-MdFUSBC _erda |
||
| 041 | 0 | _aspa | |
| 082 | 0 | 4 |
_a306.85 _bAS838 _220 |
| 245 | 0 | 0 |
_aFamilia _c / editoras: Catalina Ortíiz Laguado , Margarita María García Jaramillo |
| 250 | _aPrimera edición | ||
| 264 | 1 |
_aMedellín : _bCorporación para Investigaciones Bioógicas, _c[2013] |
|
| 300 |
_axxvii, 341 páginas. : _biustraciones. ; _c16 cm. |
||
| 336 |
_2rdacontent _atexto _btxt |
||
| 337 |
_2rdamedia _asin mediación _bn |
||
| 338 |
_2rdacarrier _avolumen _bnc |
||
| 490 | 0 | _aAspectos claves | |
| 504 | _aIncluye bibliografía [páginas: 330-331] | ||
| 505 |
_gUnidad 1: _tGeneralidades de la familia |
||
| 505 |
_gUnidad 2: _tCaracterización de las familias |
||
| 505 |
_gUnidad 3: _tFamilia y enfermedad |
||
| 505 |
_gUnidad 4: _tFamilia en situaciones especiales |
||
| 505 |
_gUnidad 5: _tÉtica y atención primaria en salud |
||
| 650 | _aFamilia. | ||
| 650 |
_aFamilia _x Aspectos sociales. |
||
| 720 |
_aOrtíz Laguado, Catalina _eeditor. |
||
| 720 |
_aGarcía Jaramillo, Margarita María. _eeditor. |
||
| 942 | _cBK | ||
| 949 |
_ac _bc |
||